ბათუმის შოთა რუსთაველის სახელმწიფო უნივერსიტეტის ბიბლიოთეკა

ანტიკური ხანის კოლხეთის არქეოლოგიის საკითხები = Essays on the Archaeology of Colchis in the Classilal : (ბიბ.ჩანაწერი № 61557)

000 -LEADER
fixed length control field 01542nam a22002297a 4500
005 - DATE AND TIME OF LATEST TRANSACTION
control field 20240325133707.0
008 - FIXED-LENGTH DATA ELEMENTS--GENERAL INFORMATION
fixed length control field 240325c2001 ge ||||| |||| 00| 0 geo d
022 ## - INTERNATIONAL STANDARD SERIAL NUMBER
International Standard Serial Number 1512-0597
041 ## - LANGUAGE CODE
Language code of text/sound track or separate title geo
245 ## - TITLE STATEMENT
Title ანტიკური ხანის კოლხეთის არქეოლოგიის საკითხები = Essays on the Archaeology of Colchis in the Classilal :
Remainder of title დამატებანი N 4. 2001. ეძღვნება პროფ. ოთარ ლორთქიფანიძის დაბადებიდან 70 წლისთავს / /
Statement of responsibility, etc. რედაქტორები : დარეჯან კაჭარავა, გურამ კვირკველია, ვახტანგ ლიჩელი.
260 ## - PUBLICATION, DISTRIBUTION, ETC.
Place of publication, distribution, etc. თბილისი,
Date of publication, distribution, etc. 2001.
300 ## - PHYSICAL DESCRIPTION
Extent V.
653 ## - INDEX TERM--UNCONTROLLED
Uncontrolled term ანტიკური ხანის კოლხეთის არქეოლოგიის საკითხები
653 ## - INDEX TERM--UNCONTROLLED
Uncontrolled term პერიოდიკა
653 ## - INDEX TERM--UNCONTROLLED
Uncontrolled term ისტორია
653 ## - INDEX TERM--UNCONTROLLED
Uncontrolled term ლორთქიფანიძე, ოთარ.
700 ## - ADDED ENTRY--PERSONAL NAME
Personal name კაჭარავა, დარეჯან
Relator term რედაქტორი
9 (RLIN) 18309
700 ## - ADDED ENTRY--PERSONAL NAME
Personal name კვირკველია, გურამ
Relator term რედაქტორი
9 (RLIN) 21565
700 ## - ADDED ENTRY--PERSONAL NAME
Personal name ლიჩელი, ვახტანგ
Relator term რედაქტორი
9 (RLIN) 18277
710 ## - ADDED ENTRY--CORPORATE NAME
Corporate name or jurisdiction name as entry element არქეოლოგიური კვლევის ცენტრი
9 (RLIN) 21566
942 ## - ADDED ENTRY ELEMENTS (KOHA)
Source of classification or shelving scheme
Koha item type პერიოდიკა
ეგზემპლარები
Withdrawn status Lost status Source of classification or shelving scheme Damaged status Not for loan Permanent Location Current Location Date acquired Serial Enumeration / chronology Barcode Date last seen Copy number Uniform Resource Identifier Price effective from Koha item type
          ბათუმის შოთა რუსთაველის სახელმწიფო უნივერსიტეტის მთავარი ბიბლიოთეკა ბათუმის შოთა რუსთაველის სახელმწიფო უნივერსიტეტის მთავარი ბიბლიოთეკა 2024-03-25 N 4 დამატებანი 2001 81165 2024-03-25 81165 ბსუ-ს საპატიო დოქტორის გურამ ლორთქიფანიძის საჩუქარი 2024-03-25 პერიოდიკა